Największe stadiony w Polsce - Statystyki

Ogólne statystyki
  • Ten quiz został rozwiązany 686 razy
  • Średni wynik to 10 z 15
Statystyki odpowiedzi
Miejsca na trybunach kluby lub reprezentacja % Poprawnych
31 006 tyś Legia Warszawa
95%
42 837 tyś Lech Poznań
93%
41 620 tyś Lechia Gdańsk
88%
45 105 tyś Śląsk Wrocław
87%
33 130 tyś Wisła Kraków
81%
21 163 tyś Pogoń Szczecin
72%
22 372 tyś Jagiellonia Białystok
71%
31 871 tyś Górnik Zabrze
70%
58 274 tyś Reprezentacja
69%
18 018 tyś Widzew Łódź
69%
18 029 tyś ŁKS Łódź
60%
16 086 tyś Zagłębie Lubin
54%
15 550 tyś Korona Kielce
53%
20 559 tyś Zawisza Bydgoszcz
32%
35 000 tyś Skra Warszawa Warszawianka
2%
Nie znaleziono quizów pasujących do podanych kryteriów
Rozkład punktacji
Procent ludzi z każdym wynikiem
Percentyl według liczby udzielonych odpowiedzi
Twoja historia wyników
Nie rozwiązałeś tego quizu